00356 a2200109 4500001001000000005001700010008004100027245007500068100001900143773006700162999001700229ART_1268220260410161908.0260409a 10aThe Effect of unemployment and related on the duration of unemployment1 aNickell, S. J.0 tThe Economic Journalg- Vol. 89, NÂș 353 (mar. 1979)wREV12512 c26575d26575